History. (Record no. 109950)

MARC details
000 -LEADER
fixed length control field 01572cas a2200397 a 4500
003 - EG-GICUS
control field OSt
005 - DATE AND TIME OF LATEST TRANSACTION
control field 20241215133706.0
008 - FIXED-LENGTH DATA ELEMENTS--GENERAL INFORMATION
fixed length control field 090426u1912uuuuenkqx p o 0 a0eng
022 ## - INTERNATIONAL STANDARD SERIAL NUMBER
International Standard Serial Number 0018-2648
Source z
040 ## - CATALOGING SOURCE
Original cataloging agency DLC
Transcribing agency OKentU
Modifying agency CtY
-- OCoLC
-- InU
-- MnMULS
-- OCoLC
-- N
-- AIP
-- OCoLC
-- AIP
-- NSDP
-- OCoLC
-- DLC
-- MH
-- NSDP
-- NST
-- MH
-- NST
-- OCoLC
-- DLC
-- MH
-- OCoLC
-- MdU
-- PBL
-- OCoLC
-- OCoLC
-- NLGGC
-- MiEM
-- CaQMUQ
-- GU
092 #4 - LOCALLY ASSIGNED DEWEY CALL NUMBER (OCLC)
Classification number 909.84205
Item number H67357
Edition number 21
099 ## - LOCAL FREE-TEXT CALL NUMBER (OCLC)
Classification number \4
-- 909.84205 H67357
130 0# - MAIN ENTRY--UNIFORM TITLE
Uniform title History (Historical Association (Great Britain))
222 #0 - KEY TITLE
Key title History.
245 00 - TITLE STATEMENT
Title History.
300 ## - PHYSICAL DESCRIPTION
Extent v. :
Other physical details ill. ;
Dimensions 24 cm.
310 ## - CURRENT PUBLICATION FREQUENCY
Current publication frequency
Date of current publication frequency 1996-
321 ## - FORMER PUBLICATION FREQUENCY
Former publication frequency 2 no. a year,
Dates of former publication frequency June 1942-Sept. 1947
321 ## - FORMER PUBLICATION FREQUENCY
Former publication frequency 3 no. a year,
Dates of former publication frequency Feb.-June 1948-1995
321 ## - FORMER PUBLICATION FREQUENCY
Former publication frequency Quarterly,
Dates of former publication frequency 1912-Mar. 1942
336 ## - CONTENT TYPE
Content type term text
Source rda content
337 ## - MEDIA TYPE
Media type term Unmediated
Source rdamedia
338 ## - CARRIER TYPE
Carrier type term volume
Source rdacarrier
362 0# - DATES OF PUBLICATION AND/OR SEQUENTIAL DESIGNATION
Dates of publication and/or sequential designation Vol. 1, no. 1 (Jan. 1912)-v. 4, no. 4 (Oct.-Dec. 1915); new ser., v. 1, no. 1 (Apr. 1916)-
500 ## - GENERAL NOTE
General note Latest issue consulted: Vol. 81, no. 261 (Jan. 1996)
500 ## - GENERAL NOTE
General note Publisher varies: Macmillan and Co., 1916- ; the Historical Association <1975>-1989; Oxford, England ; Cambridge, MA : Published for the Historical Association by B. Blackwell, 1990-
500 ## - GENERAL NOTE
General note Title from cover.
541 ## - IMMEDIATE SOURCE OF ACQUISITION NOTE
Source of acquisition Deposit
650 #0 - SUBJECT ADDED ENTRY--TOPICAL TERM
Topical term or geographic name entry element History
Form subdivision Periodicals.
650 #7 - SUBJECT ADDED ENTRY--TOPICAL TERM
Topical term or geographic name entry element Histoire
Source of heading or term rasuqam
650 17 - SUBJECT ADDED ENTRY--TOPICAL TERM
Topical term or geographic name entry element Geschiedenis.
Source of heading or term gtt
710 2# - ADDED ENTRY--CORPORATE NAME
Corporate name or jurisdiction name as entry element Historical Association (Great Britain)
905 ## - LOCAL DATA ELEMENT E, LDE (RLIN)
Cataloger
Reviser
905 ## - LOCAL DATA ELEMENT E, LDE (RLIN)
Cataloger Hala
Reviser
942 ## - ADDED ENTRY ELEMENTS (KOHA)
Koha item type Continuing Resources
Suppress in OPAC No
999 ## -
-- 109950
-- 109950
Holdings
Full call number Home library Current library Source of classification or shelving scheme Koha item type Inventory number
909.84205 H67357 المكتبة المركزبة الجديدة - جامعة القاهرة قاعة الصحف والدوريات - الدور الثالث Dewey Decimal Classification Continuing Resources 13238723
Cairo University Libraries Portal Implemented & Customized by: Eng. M. Mohamady Contacts: new-lib@cl.cu.edu.eg | cnul@cl.cu.edu.eg
CUCL logo CNUL logo
© All rights reserved — Cairo University Libraries
CUCL logo
Implemented & Customized by: Eng. M. Mohamady Contact: new-lib@cl.cu.edu.eg © All rights reserved — New Central Library
CNUL logo
Implemented & Customized by: Eng. M. Mohamady Contact: cnul@cl.cu.edu.eg © All rights reserved — Cairo National University Library